Moderní počítačové viry : Podstata,prevence a ochrana

Salvato in:
Dettagli Bibliografici
Autore principale: Jalůvka, Josef (Autore)
Natura: Libro
Lingua:ceco
Pubblicazione: Praha : Computer Press, [1996]
Tags: Aggiungi Tag
Nessun Tag, puoi essere il primo ad aggiungerne!!

MARC

LEADER 00000nam a22000003a 4500
001 stu30239
005 20150617225738.3
008 970411s1996----cs------------------cze-d
020 |a 80-85896-64-8 
040 |a STU  |b slo 
041 0 |a cze 
044 |a cs 
080 |a 519.68 
080 |a 681.3 
100 1 |a Jalůvka, Josef  |4 aut 
245 1 |a Moderní počítačové viry :  |b Podstata,prevence a ochrana 
260 |a Praha :  |b Computer Press,  |c [1996] 
300 |a 217 s 
996 |c V*47852/O-21106  |l VV9  |s P  |a 0  |w stu30239_0001 
996 |b 284V028230  |c V*44248/O-19262  |l VVT  |s A  |a 24  |w stu30239_0002